| 000 | 01563ngm a22003850a 4500 | ||
|---|---|---|---|
| 001 | PT45863 | ||
| 003 | AR-LpoUNG | ||
| 005 | 20210201235954.0 | ||
| 007 | vd cvaizq | ||
| 008 | 191001s2008||||ag |||||||||||||||||spa d | ||
| 037 | _c$12 | ||
| 040 |
_aAR-LpoUNG _bspa _cAR-LpoUNG _eaacr |
||
| 041 | _aspa | ||
| 044 | _aag | ||
| 082 | 0 | _a982.03 689san | |
| 100 | 1 |
_aTorre Nilsson, Leopoldo _edir. |
|
| 245 | 1 | 3 | _aEl santo de la espada |
| 260 |
_aSan Luis : _bAVH, _c2008. |
||
| 300 | _aDVD (120 min.) : son., col. | ||
| 505 | 0 | _aProtagonistas: Alfredo Alcón, Evangelina Salazar, Lautaro Murúa, Ana María Picchio, Héctor Alterio. Musica: Ariel Ramírez. Escenografía: Ponchi Morpurgo. Fotografía: Aníbal Di Salvo. Estrenada en 1970. Contiene sinopsis, filmografías, fotos y corto. Subtítulos en castellano. | |
| 520 | _aRelata la máxima epopeya sanmartiniana estableciendo un paralelo entre el hombre y el soldado, como también el deber a la patria y a la familia, magníficamente encarnado por un sublime Alfredo Alcón. Además la película logra trasladarnos a los escenarios de las grandes batallas y victorias de nuestro héroe, a la vez que nos ofrece un documento único de la emancipación americana. | ||
| 650 | 4 | _aAMERICA LATINA | |
| 650 | 4 | _aARGENTINA | |
| 650 | 4 | _aFAMILIA | |
| 650 | 4 | _aHISTORIA NACIONAL | |
| 650 | 4 | _aHISTORIA POLITICA | |
| 650 | 4 | _aLIBERTAD | |
| 650 | 4 | _aSOBERANIA | |
| 651 | 4 | _aArgentina | |
| 653 | _aBELICO | ||
| 653 | _aCINE ARGENTINO | ||
| 653 | _aVIDEOS | ||
| 905 | _a45863 | ||
| 942 | _cDVD | ||
| 999 |
_c53894 _d53894 |
||